| 000 | 02737cam a2200277 i 4500 | ||
|---|---|---|---|
| 001 | 17750439 | ||
| 005 | 20260114044651.0 | ||
| 008 | 130523t20142014enka b 001 0 eng | ||
| 010 | _a 2013009466 | ||
| 020 |
_a9780415822817 _q(pbk.) |
||
| 082 | _a338.9 LEW | ||
| 084 |
_aBUS068000 _aBUS072000 _aBUS099000 _2bisacsh |
||
| 245 | 0 | 0 |
_aPopular representations of development : _binsights from novels, films, television and social media / _cedited by David Lewis, Dennis Rodgers, Michael Woolcock |
| 264 | 1 |
_aNew York : _bRoutledge, _c2014. |
|
| 300 |
_axiv, 264 p. : _bill. ; _c24 cm. |
||
| 505 | _aList of figures and tables x List of contributors xii Acknowledgements xv PARTI Introduction 1 1 Introduction: popular representations of development 3 DAVID LEWIS, DENNIS RODGERS AND MICHAEL WOOLCOCK PART II Literature and fiction 17 2 The fiction of development: literary representation as a source of authoritative knowledge 19 DAVID LEWIS, DENNIS RODGERS AND MICHAEL WOOLCOCK 3 Notes on teaching international studies with novels: Hard Times, Half of a Yellow Sun and The Quiet American 38 JOHN HARRISS 4 Considering 'pedagogical' fictions and metanarratives of development: 1 World Manga VERONICA DAVIDOV 53 viii Contents Part III Media and television 71 5 More news is bad news: why studies of 'the public faces of development' and 'media and morality' should be concerned with reality TV programmes 73 MARTIN SCOTT 6 "Hidden in plain sight": Baltimore, The Wire and the politics of under development in urban America 92 SIMON PARKER Part IV Film 111 7 The projection of development: cinematic representation as an(other) source of authoritative knowledge? 113 DAVID LEWIS, DENNIS RODGERS AND MICHAEL WOOLCOCK 8 Affective histories: imagining poverty in popular Indian cinema 131 ESHA SHAH Part V Public campaigns 149 9 Visual representations of development: the Empire Marketing Board poster campaign, 1926-1933 151 UMA KOTHARI 10 Band Aid reconsidered: sentimental cultures and populist humanitarianism 174 CHERYL LOUSLEY Part VI New media 193 11 Blogs + Twitter = Change? Discursive reproduction of global governance and the limits of social media 195 TOBIAS DENSKUS AND DANIEL E. ESSER 12 FollowMe.IntDev.Com: international development in the blogosphere RYANN MANNING Part VII Conclusion 13 Conclusion: popular representations of development - taking stock, moving forward DAVID LEWIS, DENNIS RODGERS AND MICHAEL WOOLCOCK Index | ||
| 650 | 7 | _aEconomic Development. | |
| 650 | 7 | _aSustainable Development. | |
| 650 | 7 | _aEnvironmental Economics. | |
| 650 | 0 | _aPopular culture. | |
| 650 | 0 | _aMass media. | |
| 700 | 1 | _aLewis, David | |
| 700 | 1 | _aRodgers, Dennis | |
| 700 | 1 | _aWoolcock, Michael J. V. | |
| 942 |
_2ddc _cBK |
||
| 999 |
_c111682 _d111682 |
||